000 00328nam a2200145Ia 4500
008 191201s2006 xx 000 0 und d
082 _a658.8
_bVAI
100 _aVasudeva, P.K.
245 0 _aInternational Marketing
250 _a3rd
260 _a-
_bExcel Books
_c2006
300 _a628
650 _aMBA
942 _2ddc
_cBK
_01
999 _c3477
_d3477